| 000 | 00439nam a2200181Ia 4500 | ||
|---|---|---|---|
| 005 | 20250423094817.0 | ||
| 008 | 250422s9999 xx 000 0 und d | ||
| 020 | _a9789350144664 | ||
| 050 | _aTK 5101 . | ||
| 100 | _aGrautam, A. K. | ||
| 245 | 0 | _aCommunication Systems 1 | |
| 260 | _aNew Delhi | ||
| 260 | _bS. K. Kataria & Sons | ||
| 260 | _c2013 | ||
| 300 | _a268 p | ||
| 650 | _a Telecommunication systems. | ||
| 942 | _cBK | ||
| 999 |
_c28361 _d28361 |
||